000 00874nam a22002777a 4500
001 5386
003 FISKH
005 20241129152918.0
008 241129b cb ||||| |||| 00| 0 eng d
020 _a9780531241073
040 _aFISKH
_beng
_cFISKH
_dFISKH
050 _aDF77.N47
082 _a938
100 _aNewman, Sandra
245 _aAncient Greece /
_cby Sandra Newman
260 _aNew York :
_bChildren's Press ;
_c2010 .
300 _a48 pages :
_bcolor illustrations , maps ;
_c22 cm .
490 _aA True Book
505 _aU
520 _aProvides information about ancient Greece, discussing government, gods, the Olympics, art, science, and other related topics.
521 8 _a850
_bLexile
521 8 _aU
_bRaz-Plus
650 _aGreece -Cilvilization-To 146 B.C.
_vJuvenile literature
942 _2ddc
_cBK
_n0
999 _c5386
_d5386